Normal view
MARC view
- Nambiar, P T N .
Entry Personal Name
001 - CONTROL NUMBER
- control field: 923
003 - CONTROL NUMBER IDENTIFIER
- control field: OSt
005 - DATE AND TIME OF LATEST TRANSACTION
- control field: 20160714130312.0
008 - FIXED-LENGTH DATA ELEMENTS
- fixed length control field: 160714|| aca||aabn | a|a d
040 ## - CATALOGING SOURCE
- Original cataloging agency: OSt
- Transcribing agency: OSt
100 ## - HEADING--PERSONAL NAME
- Personal name: Nambiar, P T N .
670 ## - SOURCE DATA FOUND
- Source citation: Work cat.: (OSt)1956: Mandal, R C . 922, Agricultural statistics: Techniques and Procedures, 2007
